000 00755nam a22002177a 4500
999 _c20805
_d20805
003 AR-CdUCM
008 190606b ||||| |||| 00| 0 spa d
040 _aMUNICIPALIDAD PROVINCIAL DEL CUSCO
_cBIBLIOTECA MUNICIPAL DEL CUSCO
082 _a301.4315 /
_bP14
100 _aSalesianos
_943450
245 _aHacia el descubrimiento de mi temperamento :
_bProblemática juvenil XIV /
260 _aLima :
_bEdiciones salesianas,
_c1979.
300 _a62 páginas ;
_c17 cm.
500 _as/c
505 _aContenido : La tipología de W. H. sheldon -- Instrumentos para conocer el propio temperamento...
650 _aProblemas juveniles
_943451
650 _aTipologías
_943452
650 _aCuestionario
_943453
942 _2ddc
_cLIBROS
945 _arcc